LEADER 01814nam--2200529---450- 001 990000321130203316 005 20090930113628.0 035 $a0032113 035 $aUSA010032113 035 $a(ALEPH)000032113USA01 035 $a0032113 100 $a20010109d1987----km-y0itay0103----ba 101 $aita 102 $aIT 105 $a||||||||001yy 200 1 $a<> diffusione delle conoscenze agrarie nel Mezzogiorno$ePuglia, Basilicata, provincia di Salerno$e1800-1915$fGiuseppe De Gennaro 210 $aSalerno$cCentro studi per il Cilento e il Vallo di Diano$d1987 215 $a182 p.$d21 cm 225 2 $aCollana economia e storia$v30 410 $12001$aCollana economia e storia 606 0 $aAgricoltura$yPuglia 606 0 $aAgricoltura$yBasilicata 676 $a338.1 700 1$aDE GENNARO,$bGiuseppe$0252098 801 0$aIT$bsalbc$gISBD 912 $a990000321130203316 951 $aXV.1.A. 1031(V G 1072)$b152809 L.M.$cV G$d00003257 951 $aXV.1.A. 1031 a (testi 619)$b64394 EC$cXV.1.A. (testi 619) 951 $aXV.1.A. 1031 b(testi 619)$b64393 EC$cXV.1.A. (testi 619) 951 $aV G 1072 B$b64393 LM$cV G 951 $aV G 1072 C$b64394 LM$cV G 951 $a300 338.109457 DEG$b2735 DISES 959 $aBK 969 $aUMA 969 $aDISES 979 $aPATTY$b90$c20010109$lUSA01$h1522 979 $aPATTY$b90$c20010626$lUSA01$h1224 979 $c20020403$lUSA01$h1640 979 $aPATRY$b90$c20040406$lUSA01$h1622 979 $aCOPAT6$b90$c20051129$lUSA01$h1021 979 $aRSIAV1$b90$c20090930$lUSA01$h1136 979 $c20121027$lUSA01$h1542 979 $c20121027$lUSA01$h1602 979 $c20121027$lUSA01$h1610 996 $aDiffusione delle conoscenze agrarie nel Mezzogiorno$9879015 997 $aUNISA DEB $aUSA14932 LEADER 01428nam a2200349 i 4500 001 991003687589707536 005 20021220115315.0 008 020408s2001 us ||| | eng 020 $a0471356298 035 $ab11848327-39ule_inst 035 $aLE01313370$9ExL 040 $aDip.to Matematica$beng 082 0 $a519.23 084 $aAMS 60F05 084 $aAMS 60F10 084 $aLC QA273.67.M45 100 1 $aMeerschaert, Mark M.$053538 245 10$aLimit distributions for sums of independent random vectors :$bheavy tails in theory and practice /$cMark M. Meerschaert, Hans-Peter Scheffler 260 $aNew York :$bWiley,$cc2001 300 $axiii, 484 p. ;$c25 cm 490 0 $aWiley series in probability and statistics.$pProbability and statistics section 500 $a"A Wiley-Interscience publication." 500 $aIncludes bibliographical references (p. 467-480) and index 650 0$aCentral limit theorem 650 0$aRandom variables 700 1 $aScheffler, Hans-Peter$eauthor$4http://id.loc.gov/vocabulary/relators/aut$0736152 907 $a.b11848327$b28-04-17$c20-12-02 912 $a991003687589707536 945 $aLE013 60F MEE11 (2001)$g1$i2013000133775$lle013$o-$pE0.00$q-$rl$s- $t0$u0$v0$w0$x0$y.i12100791$z20-12-02 996 $aLimit distributions for sums of independent random vectors$91454579 997 $aUNISALENTO 998 $ale013$b01-01-02$cm$da $e-$feng$gus $h0$i1